00744 2200229 4500001002100000005001700021008004100038035002400079082001200103090002300115100002100138245012800159260002900287300003700316500006700353500002900420650001600449850001500465980001300480985000600493999001500499YOGYA-0209000003969420090227025511.0 ind  0010-020900000039694 a332.041 a332.041bDwi AlSK aDWI ARYANTI,Yuli aAnalisa efisiensi penggunaan modal kerja pada PD "Anindya" Unit percetakan negeri Prop. DIYcdisusun oleh, Yuli Dwi Aryanti aYogyakartab[s.n.]c1994 axi, 148, [2] lembarbilusc29 cm aSKripsi Fakultas Ekonomi Universitas Proklamasi '45 Yogyakarta aBibliografi : lembar 128 aModal kerja aYOPDYOG(B) a01-02-08 a1 a07A0028685